| 000 | 00586nam a2200241 a 4500 | ||
|---|---|---|---|
| 001 | adlib96000001 | ||
| 003 | ViArRB | ||
| 005 | 200902210153555.7 | ||
| 008 | 960221s1955 dcuabcdjdbkoqu001 0deng d | ||
| 020 | _a | ||
| 022 | _a | ||
| 040 | _aAdlib | ||
| 082 | _a89M-2 | ||
| 245 | _aIbilisukalute nattil | ||
| 250 | _a | ||
| 260 |
_aKottayam _bNBS _c1960 |
||
| 300 |
_a160p. _c |
||
| 500 | _a | ||
| 100 |
_aCellappannayar, N P _e |
||
| 700 |
_a _a |
||
| 942 | _cBK | ||
| 952 |
_w2010-06-16 _p00016900 _r2010-06-16 _40 _00 _bUL _10 _o89M-2 CEL/I _d2010-06-16 _70 _yBK _aUL |
||
| 999 |
_c22984 _d22983 |
||